Hacia una antropología teológica más íntegra : (Record no. 28567)
[ view plain ]
| 000 -LEADER | |
|---|---|
| campo de control de longitud fija | 01534ntaaa2200337 4500 |
| 003 - IDENTIFICADOR DE NÚMERO DE CONTROL | |
| campo de control | 01 |
| 005 - FECHA Y HORA DE LA ÚLTIMA TRANSACCIÓN | |
| campo de control | 20251027203315.0 |
| 008 - DATOS DE LONGITUD FIJA--INFORMACIÓN GENERAL | |
| campo de control de longitud fija | 0714s1973 ag 01 |
| 040 ## - FUENTE DE CATALOGACIÓN | |
| Centro catalogador/agencia de origen | AR-BaBN |
| Lengua de catalogación | spa |
| Centro/agencia transcriptor | AR-BaBN |
| Normas de descripción | aacr |
| Centro/agencia modificador | RIC |
| 100 ## - ENTRADA PRINCIPAL--NOMBRE DE PERSONA | |
| Nombre de persona | Barreto Ibarra, Mirta Estela |
| 9 (RLIN) | 36351 |
| 245 ## - MENCIÓN DEL TÍTULO | |
| Título | Hacia una antropología teológica más íntegra : |
| Resto del título | una relectura desde la lente de che serviha / |
| Mención de responsabilidad, etc. | Mirta Estela Barreto Ibarra, dirigido por Nancy Bedford, Carlos Villanueva, y Stanley Clark |
| 260 ## - PUBLICACIÓN, DISTRIBUCIÓN, ETC. | |
| Lugar de publicación, distribución, etc. | Buenos Aires, |
| Fecha de publicación, distribución, etc. | 2007 |
| 300 ## - DESCRIPCIÓN FÍSICA | |
| Extensión | vii, 230 + [12] h. ; |
| Dimensiones | 28 cm. |
| 500 ## - NOTA GENERAL | |
| Nota general | La expresión 'che serviha' refiere en este trabajo a las mujeres paraguayas pensadas desde la particularidad de sus experiencias |
| 500 ## - NOTA GENERAL | |
| Nota general | Incluye notas a pie de página bibliográficas y apéndice de gráficos y tablas |
| 500 ## - NOTA GENERAL | |
| Nota general | Contiene glosario guaraní |
| 500 ## - NOTA GENERAL | |
| Nota general | Bibliografía: h. 210-230 |
| 502 ## - NOTA DE TESIS | |
| Nota de tesis | (doctorado)-Seminario Internacional Teológico Bautista, Buenos Aires, 2007 |
| 505 ## - NOTA DE CONTENIDO CON FORMATO | |
| Título | Cap. I. La estructura de la sociedad paraguaya desde la perspectiva de che serviha |
| 505 ## - NOTA DE CONTENIDO CON FORMATO | |
| Título | Cap. II. La antropología teológica desde la perspectiva de che serviha |
| 505 ## - NOTA DE CONTENIDO CON FORMATO | |
| Título | Cap. III. El siervo sufriente y che serviha |
| 530 ## - NOTA DISPONIBLE DE FORMULARIO FÍSICO ADICIONAL | |
| Nota de formato físico adicional disponible | Digital |
| 650 ## - PUNTO DE ACCESO ADICIONAL DE MATERIA--TÉRMINO DE MATERIA | |
| Término de materia o nombre geográfico como elemento de entrada | TESIS |
| 650 ## - PUNTO DE ACCESO ADICIONAL DE MATERIA--TÉRMINO DE MATERIA | |
| Término de materia o nombre geográfico como elemento de entrada | ANTROPOLOGIA TEOLOGICA |
| 9 (RLIN) | 1908 |
| 650 ## - PUNTO DE ACCESO ADICIONAL DE MATERIA--TÉRMINO DE MATERIA | |
| Término de materia o nombre geográfico como elemento de entrada | ESTRUCTURA SOCIAL |
| 9 (RLIN) | 36352 |
| 650 ## - PUNTO DE ACCESO ADICIONAL DE MATERIA--TÉRMINO DE MATERIA | |
| Término de materia o nombre geográfico como elemento de entrada | PARAGUAY |
| 9 (RLIN) | 8611 |
| 700 ## - ENTRADA AGREGADA--NOMBRE PERSONAL | |
| Nombre de persona | Bedford, Nancy |
| Término indicativo de función/relación | director |
| 9 (RLIN) | 32972 |
| 700 ## - ENTRADA AGREGADA--NOMBRE PERSONAL | |
| Nombre de persona | Villanueva, Carlos |
| Término indicativo de función/relación | colaborador |
| 9 (RLIN) | 31537 |
| 700 ## - ENTRADA AGREGADA--NOMBRE PERSONAL | |
| Nombre de persona | Clark, Stanley |
| Término indicativo de función/relación | colaborador |
| 9 (RLIN) | 14029 |
| 942 ## - ELEMENTOS DE ENTRADA SECUNDARIOS (KOHA) | |
| Tipo de ítem Koha | Colección General |
| Estatus retirado | Estado de pérdida | Estado de daño | No para préstamo | Biblioteca de origen | Biblioteca actual | Fecha de adquisición | Número de inventario | Total de préstamos | Código de barras | Visto por última vez | Precio de reemplazo | Tipo de ítem Koha |
|---|---|---|---|---|---|---|---|---|---|---|---|---|
| Biblioteca Pluis | Biblioteca Pluis | 27/10/2025 | 045045 | 045045 | 27/10/2025 | 27/10/2025 | TESIS | |||||
| Biblioteca Pluis | Biblioteca Pluis | 27/10/2025 | 045046 | 045046 | 27/10/2025 | 27/10/2025 | TESIS |
